000 00444pab a2200157 454500
008 180718b2017 xxu||||| |||| 00| 0 eng d
100 _aTiwari, Sanjay
245 _aFramework for ranking of distance education institutions in India: a suggestive model
260 _c2017
300 _ap.19-24.
362 _a18 Sep
650 _aDistance education - India
650 _aDistance education
773 _aUniversity News
909 _a116094
999 _c116088
_d116088